[Event "32. Staufer-Open A-Turnier"]
[Site "Schwäbisch Gmünd"]
[Date "2020.01.05"]
[Round "8.30"]
[White "Suvorov, Alexander"]
[Black "Dahl, Christoph"]
[Result "1-0"]
[WhiteElo "2267"]
[BlackElo "2137"]
[PlyCount "107"]
[EventDate "2020.??.??"]
[WhiteTeam "SG Porz"]
[BlackTeam "SG Grün-Weiß Dresden"]

1. d4 Nf6 2. c4 g6 3. Nc3 Bg7 4. e4 d6 5. Nf3 O-O 6. Be2 e5 7. Be3 Ng4 8. Bg5
f6 9. Bh4 g5 10. Bg3 Nh6 11. dxe5 fxe5 12. c5 Nc6 13. cxd6 cxd6 14. Nd2 Be6 15.
Bc4 Nd4 16. Bxe6+ Nxe6 17. Nc4 Nd4 18. O-O Rc8 19. Ne3 Kh8 20. Ncd5 Ng8 21. Qd3
Ne7 22. Nxe7 Qxe7 23. f3 Rc6 24. Be1 Rfc8 25. Bc3 Qe6 26. Nd5 Rc4 27. h3 Qd7
28. Rfd1 h6 29. Rac1 R4c5 30. Re1 Kg8 31. Qd2 Kh8 32. Qf2 Qa4 33. h4 gxh4 34.
Ne7 R8c7 35. Qxh4 Qd7 36. Nd5 Rc8 37. Kh1 Qf7 38. Qh3 Kh7 39. Rcd1 Ne6 40. Ne3
Nd4 41. a3 Rd8 42. Rd2 Rc6 43. Red1 Rdc8 44. Bxd4 exd4 45. Qf5+ Qxf5 46. Nxf5
Rc2 47. f4 d3 48. Rxd3 Rxb2 49. Rg3 Bf8 50. Nxd6 Bxd6 51. Rxd6 Rc1+ 52. Kh2
Rbb1 53. Rd7+ Kh8 54. Rgd3 1-0

[Event "32. Staufer-Open A-Turnier"]
[Site "Schwäbisch Gmünd"]
[Date "2020.01.05"]
[Round "8.38"]
[White "Mohammadi Nia, Borna"]
[Black "Unzicker, Ferdinand"]
[Result "0-1"]
[WhiteElo "2095"]
[BlackElo "2322"]
[PlyCount "52"]
[EventDate "2020.??.??"]
[WhiteTeam "SG Porz"]
[BlackTeam "FC Bayern München"]

1. e4 c5 2. Nf3 d6 3. d4 cxd4 4. Nxd4 Nf6 5. Nc3 Nc6 6. Bg5 Bd7 7. Qd2 h6 8.
Bxf6 gxf6 9. f4 Nxd4 10. Qxd4 Qa5 11. O-O-O Rc8 12. Kb1 Qc5 13. Qd2 Bg7 14. f5
h5 15. g3 Bh6 16. Qd3 h4 17. Bg2 Bg5 18. Rhe1 Kf8 19. Qe2 Bc6 20. Rd3 a5 21.
Qd1 b5 22. Nd5 b4 23. Rd4 Bb5 24. c3 hxg3 25. cxb4 axb4 26. h3 Be2 0-1

[Event "32. Staufer-Open A-Turnier"]
[Site "Schwäbisch Gmünd"]
[Date "2020.01.05"]
[Round "8.39"]
[White "Grill, Bernd"]
[Black "Kruckenhauser, Arthur"]
[Result "1/2-1/2"]
[WhiteElo "2094"]
[BlackElo "2281"]
[PlyCount "40"]
[EventDate "2020.??.??"]
[WhiteTeam "SV Ebersbach"]
[BlackTeam "Schach ohne Grenzen"]

1. d4 Nf6 2. Bg5 d5 3. Bxf6 exf6 4. e3 c6 5. g3 Bd6 6. Bg2 f5 7. Ne2 Nd7 8. Nd2
Nf6 9. c4 dxc4 10. Nxc4 Bb4+ 11. Nc3 Be6 12. Qd3 g6 13. O-O O-O 14. a3 Be7 15.
b4 Nd5 16. Rac1 {(=)} h5 17. Na5 Rb8 18. Nxd5 Bxd5 19. Rfd1 Bf6 20. Qf1 Re8
1/2-1/2

[Event "32. Staufer-Open A-Turnier"]
[Site "Schwäbisch Gmünd"]
[Date "2020.01.06"]
[Round "9.1"]
[White "Iniyan, Panneer Selvam"]
[Black "Schröder, Jan-Christian"]
[Result "1/2-1/2"]
[WhiteElo "2494"]
[BlackElo "2553"]
[PlyCount "36"]
[EventDate "2020.??.??"]
[BlackTeam "SF 1903 Berlin"]

1. d4 d5 2. c4 e6 3. Nc3 Nf6 4. Nf3 c5 5. cxd5 Nxd5 6. e4 Nxc3 7. bxc3 cxd4 8.
cxd4 Bb4+ 9. Bd2 Bxd2+ 10. Qxd2 O-O 11. Bc4 Nd7 12. O-O b6 13. Rad1 Bb7 14. d5
exd5 15. Bxd5 Nc5 16. Qf4 Qe7 17. Nd4 g6 18. Nb5 Rad8 {Rest nicht
rekonstruierbar} 1/2-1/2

[Event "32. Staufer-Open A-Turnier"]
[Site "Schwäbisch Gmünd"]
[Date "2020.01.06"]
[Round "9.2"]
[White "Stork, Oliver"]
[Black "Vorobiov, Evgeny E"]
[Result "1/2-1/2"]
[WhiteElo "2267"]
[BlackElo "2535"]
[PlyCount "22"]
[EventDate "2020.??.??"]
[WhiteTeam "SV Oberursel"]
[BlackTeam "SF 90 Spraitbach"]

1. c4 e6 2. Nf3 d5 3. e3 dxc4 4. Bxc4 Nf6 5. b3 c5 6. Bb2 a6 7. O-O Nc6 8. d4
cxd4 9. Nxd4 Bd7 10. Nd2 Bc5 11. Ne2 Be7 1/2-1/2

[Event "32. Staufer-Open A-Turnier"]
[Site "Schwäbisch Gmünd"]
[Date "2020.01.06"]
[Round "9.3"]
[White "Schitco, Ivan"]
[Black "Hess, Max"]
[Result "1/2-1/2"]
[WhiteElo "2467"]
[BlackElo "2388"]
[PlyCount "41"]
[EventDate "2020.??.??"]
[WhiteTeam "Stuttgarter SF"]
[BlackTeam "SC Garching"]

1. e4 c5 2. Nf3 e6 3. c3 Nf6 4. e5 Nd5 5. Bc4 d6 6. d4 cxd4 7. cxd4 Be7 8. O-O
O-O 9. Re1 b6 10. Bxd5 exd5 11. Nc3 Be6 12. a3 Nc6 13. h3 dxe5 14. dxe5 h6 15.
Bf4 Qd7 16. Rc1 Rfd8 17. Qd3 Rac8 18. Nb5 Bf8 19. b4 a5 20. bxa5 Nxa5 21. Nfd4
1/2-1/2

[Event "32. Staufer-Open A-Turnier"]
[Site "Schwäbisch Gmünd"]
[Date "2020.01.06"]
[Round "9.4"]
[White "Köllner, Ruben Gideon"]
[Black "Krassowizkij, Jaroslaw"]
[Result "1/2-1/2"]
[WhiteElo "2328"]
[BlackElo "2462"]
[PlyCount "36"]
[EventDate "2020.??.??"]
[WhiteTeam "SF Deizisau"]
[BlackTeam "TSV Schönaich"]

1. d4 Nf6 2. Nf3 g6 3. Nbd2 c5 4. e3 Bg7 5. dxc5 Qa5 6. a3 Qxc5 7. b4 Qc7 8.
Bb2 O-O 9. c4 d6 10. Be2 Nc6 11. O-O a5 12. Qb3 Be6 13. Rac1 axb4 14. axb4 Qb6
15. Nd4 Nxd4 16. Bxd4 Qc7 17. Qb2 Rfc8 18. Ra1 Ne8 1/2-1/2

[Event "32. Staufer-Open A-Turnier"]
[Site "Schwäbisch Gmünd"]
[Date "2020.01.06"]
[Round "9.5"]
[White "Krastev, Alexander"]
[Black "Burmakin, Vladimir"]
[Result "0-1"]
[WhiteElo "2333"]
[BlackElo "2519"]
[PlyCount "34"]
[EventDate "2020.??.??"]
[WhiteTeam "Biebertaler SF"]
[BlackTeam "SF 90 Spraitbach"]

1. Nf3 d5 2. g3 c6 3. Bg2 Bf5 4. O-O e6 5. d3 Nf6 6. b3 h6 7. Bb2 Be7 8. Nbd2
O-O 9. Re1 Bh7 10. e4 a5 11. a3 Na6 12. Qe2 Qb6 13. h4 Rad8 14. e5 Nd7 15. Nf1
a4 16. b4 c5 17. c3 d4 {Rest nicht rekonstruierbar} 0-1

[Event "32. Staufer-Open A-Turnier"]
[Site "Schwäbisch Gmünd"]
[Date "2020.01.06"]
[Round "9.6"]
[White "Orlov, Andrey"]
[Black "Lavrinenkov, Vadim"]
[Result "1-0"]
[WhiteElo "2510"]
[BlackElo "2314"]
[PlyCount "88"]
[EventDate "2020.??.??"]
[WhiteTeam "Düsseldorfer SK"]
[BlackTeam "SK Kriegshaber"]

1. e4 d5 2. exd5 Qxd5 3. Nc3 Qd8 4. d4 Nf6 5. Nf3 Bg4 6. h3 Bxf3 7. Qxf3 c6 8.
Be3 e6 9. Bd3 Nbd7 10. O-O Bd6 11. Ne4 Nxe4 12. Qxe4 Nf6 13. Qf3 O-O 14. c3 Re8
15. Rad1 Qa5 16. a3 Qh5 17. Qxh5 Nxh5 18. g3 Rad8 19. a4 a6 20. Rfe1 Nf6 21.
Kg2 Nd5 22. Bd2 h6 23. f4 a5 24. Kf3 Rc8 25. Re2 Kf8 26. Rde1 b6 27. g4 Be7 28.
g5 hxg5 29. fxg5 g6 30. h4 Bd6 31. h5 gxh5 32. g6 Kg7 33. c4 Nc7 34. c5 bxc5
35. dxc5 Bxc5 36. Bc3+ f6 37. Bxa5 e5 38. Bxc7 Rxc7 39. Rh1 Rb7 40. Rc2 Rb3 41.
Rc3 Rxc3 42. bxc3 Kh6 43. Rh2 Ra8 44. Rg2 Kg7 {Rest nicht rekonstruierbar} 1-0

[Event "32. Staufer-Open A-Turnier"]
[Site "Schwäbisch Gmünd"]
[Date "2020.01.06"]
[Round "9.7"]
[White "Chittka, Julius"]
[Black "Buckels, Valentin"]
[Result "1/2-1/2"]
[WhiteElo "2304"]
[BlackElo "2459"]
[PlyCount "41"]
[EventDate "2020.??.??"]
[WhiteTeam "SF Düsseldorf-Süd"]
[BlackTeam "SV Mülheim-Nord"]

1. d4 d5 2. c4 e6 3. Nc3 a6 4. cxd5 exd5 5. Nf3 Nf6 6. Bg5 Be6 7. e3 Nbd7 8.
Bd3 c6 9. O-O Bd6 10. e4 dxe4 11. Nxe4 Be7 12. Ng3 h6 13. Bd2 O-O 14. Re1 {(=)}
Re8 15. Rxe6 fxe6 16. Bg6 Rf8 17. Qe2 Nd5 18. Qxe6+ Kh8 19. Bc2 Rf6 20. Qe4 Nf8
21. Ne5 1/2-1/2

[Event "32. Staufer-Open A-Turnier"]
[Site "Schwäbisch Gmünd"]
[Date "2020.01.06"]
[Round "9.8"]
[White "Barzen, Pascal"]
[Black "Perske, Thore"]
[Result "1/2-1/2"]
[WhiteElo "2301"]
[BlackElo "2440"]
[PlyCount "109"]
[EventDate "2020.??.??"]
[WhiteTeam "SG Trier"]
[BlackTeam "SF 1903 Berlin"]

1. e4 c5 2. Nf3 Nc6 3. Nc3 g6 4. b3 Bg7 5. Bb2 e5 6. Bc4 d6 7. Nd5 Nge7 8. O-O
O-O 9. c3 a6 10. a4 Na5 11. Nxe7+ Qxe7 12. Bd5 Be6 13. d3 Qd7 14. Nd2 Rab8 15.
Nc4 Bxd5 16. Nb6 Qd8 17. Nxd5 Nc6 18. b4 b6 19. Qb3 Ne7 20. Ba3 Qd7 21. Rfb1
Nxd5 22. Qxd5 Rfe8 23. h3 cxb4 24. Bxb4 Bf8 25. c4 Be7 26. Ba3 Kf8 27. a5 bxa5
28. c5 Rb5 {(=)} 29. Rxb5 axb5 30. cxd6 Bf6 31. Bb2 Qa7 32. d7 Rd8 33. Qxb5
Qxd7 34. Qxd7 Rxd7 35. Rxa5 Rxd3 36. Bxe5 Bxe5 37. Rxe5 Rd4 38. f3 Rd2 39. h4
h5 40. Ra5 Kg8 41. Kh2 Rb2 42. Kh3 Rf2 43. Ra3 Kg7 44. g4 hxg4+ 45. Kxg4 Rg2+
46. Kf4 Rh2 47. Kg5 Rh1 48. e5 Rb1 49. Kf4 Rh1 50. Kg3 Rg1+ 51. Kf2 Rh1 52. Ra7
Rxh4 53. e6 Kf6 54. exf7 Rh8 55. Kg3 1/2-1/2

[Event "32. Staufer-Open A-Turnier"]
[Site "Schwäbisch Gmünd"]
[Date "2020.01.06"]
[Round "9.9"]
[White "Rosner, Jonas"]
[Black "Siddharth, Jagadeesh"]
[Result "1/2-1/2"]
[WhiteElo "2428"]
[BlackElo "2301"]
[PlyCount "67"]
[EventDate "2020.??.??"]
[WhiteTeam "SK Ettlingen"]

1. d4 Nf6 2. Nf3 e6 3. g3 d5 4. Bg2 b5 5. O-O Bd6 6. a4 b4 7. c4 bxc3 8. Nxc3
O-O 9. Nb5 Be7 10. Bf4 Ne8 11. Qc2 Na6 12. Qc6 Rb8 13. Nxa7 Nb4 14. Qc3 g5 15.
Nxc8 gxf4 16. Nxe7+ Qxe7 17. gxf4 Nd6 18. Rfc1 c6 19. Ne5 Rfc8 20. b3 f6 21.
Nd3 Nf5 22. Nc5 Kh8 23. Kh1 Rg8 24. Bh3 Rg6 25. Rg1 Rh6 26. Bxf5 exf5 27. Qe3
Qf7 28. Qe6 Rxh2+ 29. Kxh2 Qh5+ 30. Kg2 Qg4+ 31. Kf1 Qh3+ 32. Rg2 Qh1+ 33. Rg1
Qh3+ 34. Rg2 1/2-1/2

[Event "32. Staufer-Open A-Turnier"]
[Site "Schwäbisch Gmünd"]
[Date "2020.01.06"]
[Round "9.10"]
[White "Velicka, Petr"]
[Black "Zwahr, Paul"]
[Result "1/2-1/2"]
[WhiteElo "2424"]
[BlackElo "2284"]
[PlyCount "58"]
[EventDate "2020.??.??"]
[WhiteTeam "SG Schwäbisch Gmünd"]
[BlackTeam "SG Grün-Weiß Dresden"]

1. e4 c5 2. Nf3 e6 3. d4 cxd4 4. Nxd4 Nc6 5. Nb5 d6 6. c4 Nf6 7. N1c3 a6 8. Na3
Be7 9. Be2 O-O 10. O-O b6 11. Be3 Bb7 12. Qb3 Nd7 13. Rfd1 Nc5 14. Qc2 Bf6 15.
Rab1 Nb4 16. Qd2 Be7 17. Nc2 Nxc2 18. Qxc2 Qc7 19. f3 Rac8 20. Bf1 Ba8 21. Qf2
Rb8 22. Rbc1 Nd7 23. b4 Rfc8 24. a3 h6 25. Kh1 Kf8 26. Rc2 Bb7 27. Rdc1 Ba8 28.
Rd1 Bb7 29. Rdc1 Ba8 1/2-1/2

[Event "32. Staufer-Open A-Turnier"]
[Site "Schwäbisch Gmünd"]
[Date "2020.01.06"]
[Round "9.11"]
[White "Zwirs, Nico"]
[Black "Cvitan, Ena"]
[Result "1-0"]
[WhiteElo "2418"]
[BlackElo "2289"]
[PlyCount "111"]
[EventDate "2020.??.??"]
[WhiteTeam "SV Mülheim-Nord"]

1. c4 e6 2. Nc3 d5 3. d4 Nf6 4. Nf3 a6 5. cxd5 exd5 6. Bg5 Be6 7. Bxf6 Qxf6 8.
Qb3 b5 9. a4 b4 10. Nxd5 Qd8 11. e4 Bxd5 12. exd5 Bd6 13. Bd3 O-O 14. O-O Nd7
15. Rfe1 Qf6 16. Re4 a5 17. Rae1 Nb6 18. Bb5 Qf5 19. Bc6 Rad8 20. g3 g6 21. Kg2
Kg7 22. h4 h6 23. Ne5 Qc8 24. Nc4 Nxc4 25. Qxc4 Qf5 26. b3 Qh5 27. Qe2 Qxe2 28.
R4xe2 g5 29. h5 Kf6 30. Kh3 Rb8 31. Kg4 Rfd8 32. Re3 Rbc8 33. R1e2 Rb8 34. Be8
Kg7 35. Kf5 Kf8 36. Bc6 Kg7 37. Re8 Rxe8 38. Rxe8 Rxe8 39. Bxe8 Kf8 40. Bc6 Ke7
41. Ke4 Kd8 42. Bb7 c6 43. dxc6 Bc7 44. Ba6 Ke7 45. Bc4 Bb6 46. Kd5 Ba7 47. Bd3
Bb6 48. Bf5 Kf6 49. g4 Ke7 50. f3 f6 51. Bh7 Ba7 52. Bg6 Bb6 53. Bf5 Bc7 54.
Kc5 Bd8 55. d5 Bc7 56. Be4 1-0

[Event "32. Staufer-Open A-Turnier"]
[Site "Schwäbisch Gmünd"]
[Date "2020.01.06"]
[Round "9.12"]
[White "Pallas, Sebastian"]
[Black "Skembris, Spyridon"]
[Result "1/2-1/2"]
[WhiteElo "2268"]
[BlackElo "2415"]
[PlyCount "43"]
[EventDate "2020.??.??"]
[WhiteTeam "SG 1871 Löberitz"]
[BlackTeam "SC Grunbach"]

1. e4 c5 2. Nf3 Nc6 3. d4 cxd4 4. Nxd4 g6 5. c4 Bg7 6. Be3 Nf6 7. Nc3 O-O 8.
Be2 b6 9. O-O Bb7 10. Nc2 Rc8 11. f3 d6 12. Qd2 a6 13. Rac1 Ne5 14. b3 Ned7 15.
Nd4 Re8 16. Rfd1 Qc7 17. Nd5 Qb8 18. Qb4 Ba8 19. Qa3 Bb7 20. Qb4 Ba8 21. Qa3
Bb7 22. Qb4 1/2-1/2

[Event "32. Staufer-Open A-Turnier"]
[Site "Schwäbisch Gmünd"]
[Date "2020.01.06"]
[Round "9.13"]
[White "Roseneck, Jonas"]
[Black "Schulz, Karsten"]
[Result "1-0"]
[WhiteElo "2413"]
[BlackElo "2268"]
[PlyCount "67"]
[EventDate "2020.??.??"]
[WhiteTeam "SG Aufbau Elbe Magdeburg"]
[BlackTeam "SF Schwerin"]

1. e4 d6 2. d4 Nf6 3. Nc3 e5 4. Nge2 exd4 5. Nxd4 Be7 6. g3 O-O 7. Bg2 Re8 8.
O-O Bf8 9. h3 c6 10. Bf4 Nbd7 11. Qd2 Ne5 12. Rad1 b5 {(=)} 13. Nxc6 Nxc6 14.
e5 b4 15. Nb5 Qb6 16. Nxd6 Bxd6 17. Qxd6 Re6 18. Bxc6 Rxd6 19. Rxd6 Bb7 20.
Bxb7 Qxb7 21. exf6 gxf6 22. Rxf6 Qe7 23. Rf5 f6 24. g4 Rc8 25. Be3 Rxc2 26. Rd1
Re2 27. Rd3 Rxb2 28. Rfd5 Rb1+ 29. Kh2 Qc7+ 30. Kg2 Qc6 31. Kg3 Kf7 32. f4 Rc1
33. Rd7+ Ke8 34. Bxc1 1-0

[Event "32. Staufer-Open A-Turnier"]
[Site "Schwäbisch Gmünd"]
[Date "2020.01.06"]
[Round "9.15"]
[White "Osmanodja, Filiz"]
[Black "Lanka, Zigurds"]
[Result "1-0"]
[WhiteElo "2203"]
[BlackElo "2377"]
[PlyCount "83"]
[EventDate "2020.??.??"]
[WhiteTeam "USV TU Dresden"]
[BlackTeam "SC Viernheim"]

1. e4 c5 2. Nf3 Nc6 3. Nc3 d6 4. d4 cxd4 5. Nxd4 Nf6 6. Bg5 e6 7. Qd2 a6 8.
O-O-O Bd7 9. f3 h6 10. Be3 b5 11. Nxc6 Bxc6 12. Ne2 Bb7 13. Nd4 Qc7 14. g4 e5
15. Nb3 d5 16. exd5 Nxd5 17. Bd3 {(=)} Be7 18. h4 O-O-O 19. Ba7 g6 20. Qf2 h5
21. g5 Rd7 22. Kb1 Ba8 23. Bc5 Nf4 24. Bb6 Qb8 25. Be4 Bxe4 26. fxe4 Qb7 27.
Qe3 b4 {(=)} 28. Na5 Qa8 29. Nc4 Qb8 30. Ba5 Rb7 31. Nb6+ Rxb6 32. Bxb6 Qb7 33.
Bc5 Bd8 34. Rd2 Ne6 35. Rhd1 a5 36. Rd5 Bc7 37. Bd6 Bb6 38. Qb3 Qc6 39. Bxe5
Re8 40. Rd6 Qc5 41. Qa4 Re7 42. Rc6+ 1-0

[Event "32. Staufer-Open A-Turnier"]
[Site "Schwäbisch Gmünd"]
[Date "2020.01.06"]
[Round "9.16"]
[White "Hacker, Jonas"]
[Black "Biastoch, Bennet"]
[Result "0-1"]
[WhiteElo "2375"]
[BlackElo "2261"]
[PlyCount "108"]
[EventDate "2020.??.??"]
[WhiteTeam "SC Eppingen"]
[BlackTeam "SG Aufbau Elbe Magdeburg"]

1. e4 c5 2. Nf3 d6 3. d4 cxd4 4. Nxd4 Nf6 5. f3 e5 6. Nb3 d5 7. Bg5 d4 8. c3
Nc6 9. Bb5 h6 10. Bh4 Qb6 11. Bxc6+ bxc6 12. cxd4 Ba6 13. Bf2 Rd8 14. Qc2 Bb4+
15. N1d2 exd4 16. a3 Qb5 17. Nc1 Bxd2+ 18. Qxd2 O-O 19. Bg3 Rfe8 20. a4 Qh5 21.
Kf2 Rxe4 22. Rd1 Re6 23. b4 Qd5 24. Kg1 Nh5 25. Bf2 Bc4 26. Qxd4 Qxd4 27. Rxd4
Red6 28. Rxd6 Rxd6 29. Bxa7 Rd1+ 30. Kf2 Nf4 31. Be3 Rf1+ 32. Kg3 Ne2+ 33. Kg4
Be6+ 34. Kh4 g5+ 35. Kh5 Ng3+ 36. Kxh6 Nf5+ 37. Kxg5 Nxe3 38. a5 Nxg2 39. Nb3
Rxf3 40. Nd4 f6+ 41. Kh6 Rh3+ 42. Kg6 Bc4 {(=)} 43. a6 Nf4+ 44. Kxf6 Nd5+ 45.
Kg6 Bd3+ 46. Nf5 Rf3 47. a7 Bxf5+ 48. Kg5 Nc7 49. a8=Q+ Nxa8 50. Rxa8+ Kf7 51.
Ra7+ Ke6 52. Ra6 Be4 53. Ra5 Rf5+ 54. Kg4 Rb5 0-1

[Event "32. Staufer-Open A-Turnier"]
[Site "Schwäbisch Gmünd"]
[Date "2020.01.06"]
[Round "9.17"]
[White "Yi, Danny"]
[Black "Zeller, Frank"]
[Result "1/2-1/2"]
[WhiteElo "2182"]
[BlackElo "2366"]
[PlyCount "57"]
[EventDate "2020.??.??"]
[WhiteTeam "SF Kornwestheim"]
[BlackTeam "BCA Augsburg"]

1. e4 c5 2. Nf3 d6 3. Bb5+ Nd7 4. O-O a6 5. Bd3 Ngf6 6. c3 e5 7. Bc2 Be7 8. d3
O-O 9. Re1 Re8 10. Nbd2 Bf8 11. a4 b6 12. Nf1 Bb7 13. Ng3 d5 14. Qe2 Qc7 15. h3
Rad8 16. Bb3 c4 17. dxc4 dxe4 18. Ng5 Nc5 19. Bc2 Nd3 20. N5xe4 Nxe4 21. Bxd3
Nxg3 22. fxg3 e4 23. Bc2 Qxg3 24. Qf2 Qg6 25. Be3 Re6 26. a5 Rf6 27. Qh4 Be7
28. Qg4 Bc5 29. Bxc5 1/2-1/2

[Event "32. Staufer-Open A-Turnier"]
[Site "Schwäbisch Gmünd"]
[Date "2020.01.06"]
[Round "9.18"]
[White "Pryvalov, Ivan"]
[Black "Pap, Misa"]
[Result "0-1"]
[WhiteElo "2105"]
[BlackElo "2427"]
[PlyCount "120"]
[EventDate "2020.??.??"]
[WhiteTeam "Saarbrücker Gambit"]
[BlackTeam "SF Augsburg"]

1. d4 f5 2. g3 Nf6 3. Bg2 e6 4. Nf3 Be7 5. O-O O-O 6. c4 d6 7. Nc3 a5 8. Re1
Ne4 9. Qc2 Nxc3 10. Qxc3 Nc6 11. Rd1 Qe8 12. b3 Bf6 13. Bb2 g5 14. Qd2 g4 15.
Ne1 Nd8 16. e4 e5 17. exf5 Bxf5 18. Nc2 Nc6 19. Ne3 Bd7 20. Nc2 Qg6 21. d5 Nd8
22. Ne3 Nf7 23. Qd3 Qh5 24. f4 gxf3 25. Bxf3 Qxf3 26. Rf1 Qh5 27. Rxf6 Ng5 28.
Raf1 Rxf6 29. Rxf6 Kg7 30. Qf1 Bh3 31. Ng2 a4 32. Bc1 Bxg2 33. Kxg2 Qh3+ 34.
Kg1 Qxf1+ 35. Rxf1 Ne4 36. b4 b5 37. Re1 Nf6 38. Bg5 bxc4 39. Bxf6+ Kxf6 40.
Rf1+ Ke7 41. Rc1 c6 42. Rxc4 cxd5 43. Rc7+ Ke6 44. Kf2 d4 45. Rxh7 Kd5 46. g4
e4 47. g5 Rf8+ 48. Ke1 Rg8 49. h4 d3 50. b5 Rc8 51. b6 Rc1+ 52. Kd2 Rc2+ 53.
Kd1 e3 54. Re7 e2+ 55. Ke1 Rc1+ 56. Kd2 Rd1+ 57. Kc3 e1=Q+ 58. Rxe1 Rxe1 59. b7
Rb1 60. h5 Ke6 0-1

[Event "32. Staufer-Open A-Turnier"]
[Site "Schwäbisch Gmünd"]
[Date "2020.01.06"]
[Round "9.19"]
[White "Neukirchner, Pascal"]
[Black "Sedlak, Nikola"]
[Result "0-1"]
[WhiteElo "2224"]
[BlackElo "2563"]
[PlyCount "78"]
[EventDate "2020.??.??"]
[WhiteTeam "SK Gründau"]
[BlackTeam "SV Deggendorf"]

{[%evp 0,42,29,21,33,9,61,5,44,41,20,7,7,-1,2,12,30,22,29,-18,-15,-14,66,78,78,
83,70,60,74,66,64,5,45,26,65,66,66,52,39,51,57,54,66,-5,3]} 1. d4 Nf6 2. c4 g6
3. f3 Nc6 4. Nc3 d6 5. e4 Bg7 6. Nge2 O-O 7. Bg5 a6 8. Qd2 Bd7 9. Ng3 h5 10. d5
Na7 11. Bd3 b5 12. O-O bxc4 13. Bxc4 Nb5 14. Nge2 c6 15. Rfc1 Nxc3 16. Nxc3 Rb8
17. dxc6 Bxc6 18. Be3 a5 19. Rab1 Qd7 20. b3 Rfc8 21. Nd5 Bxd5 22. Bxd5 Rxc1+
23. Rxc1 Nxd5 24. Qxd5 a4 25. h3 Bb2 26. Rc2 Be5 27. f4 Bf6 28. Bd4 axb3 29.
axb3 Bxd4+ 30. Qxd4 Rxb3 31. Ra2 Rb8 32. Rf2 Qc7 33. f5 Qb6 34. Qd5 Qe3 35. Qa2
Qxe4 36. fxg6 Qb1+ 37. Kh2 Qxa2 38. Rxa2 fxg6 39. Kg3 Rb4 0-1

[Event "32. Staufer-Open A-Turnier"]
[Site "Schwäbisch Gmünd"]
[Date "2020.01.06"]
[Round "9.20"]
[White "Yankelevich, Lev"]
[Black "Jurek, Josef"]
[Result "1-0"]
[WhiteElo "2483"]
[BlackElo "2235"]
[PlyCount "85"]
[EventDate "2020.??.??"]
[WhiteTeam "SG Speyer-Schwegenheim"]
[BlackTeam "SG Schwäbisch Gmünd"]

1. d4 Nf6 2. c4 e6 3. Nf3 b6 4. a3 Ba6 5. Qc2 c5 6. d5 exd5 7. cxd5 g6 8. Bf4
Bg7 9. Bd6 Bf8 10. Bxf8 Kxf8 11. Nc3 d6 12. b4 Kg7 13. g3 Re8 14. b5 Bb7 15.
Rd1 a6 16. a4 axb5 17. axb5 Nbd7 18. Bg2 Ra3 19. Nd2 Qe7 20. O-O Qe5 21. Ncb1
Ra7 22. e4 Qe7 23. Nc3 Qd8 24. Rfe1 c4 25. Nxc4 Qc7 26. Bf1 Rc8 27. Qb2 Ne5 28.
Nxe5 dxe5 29. Rc1 Qd6 30. Nb1 Rxc1 31. Qxc1 Ra8 32. Nd2 Rc8 33. Qb2 Nd7 34. Nc4
Qc7 35. Qa3 Nc5 36. f3 f6 37. Rc1 Ra8 38. Qe3 Kf7 39. Nxb6 Qxb6 40. Qxc5 Qxc5+
41. Rxc5 Rc8 42. Rxc8 Bxc8 43. b6 1-0

[Event "32. Staufer-Open A-Turnier"]
[Site "Schwäbisch Gmünd"]
[Date "2020.01.06"]
[Round "9.21"]
[White "Vogel, Roven"]
[Black "Weber, Samuel"]
[Result "1/2-1/2"]
[WhiteElo "2465"]
[BlackElo "2230"]
[PlyCount "54"]
[EventDate "2020.??.??"]
[WhiteTeam "USV TU Dresden"]
[BlackTeam "SV Oberursel"]

1. Nf3 Nf6 2. c4 e6 3. Nc3 Nc6 4. d4 Bb4 5. Bd2 d6 6. d5 Bxc3 7. Bxc3 Nb8 8.
Qc2 e5 9. e4 a5 10. Be2 Bg4 11. O-O Nbd7 12. b4 axb4 13. Bxb4 b6 14. a4 O-O 15.
Rfb1 Bh5 16. Rb3 Re8 17. Rba3 Qe7 18. Bf1 Bxf3 19. Rxf3 Nc5 20. Re3 Qd7 21. a5
bxa5 22. Rxa5 Rxa5 23. Bxa5 Ra8 24. Be1 Qa4 25. Qxa4 Rxa4 26. f3 Nfd7 27. Rc3
g6 1/2-1/2

[Event "32. Staufer-Open A-Turnier"]
[Site "Schwäbisch Gmünd"]
[Date "2020.01.06"]
[Round "9.22"]
[White "Nguyen, Alex Dac-Vuong"]
[Black "Bluhm, Sonja Maria"]
[Result "1-0"]
[WhiteElo "2401"]
[BlackElo "2183"]
[PlyCount "79"]
[EventDate "2020.??.??"]
[WhiteTeam "SG Leipzig"]
[BlackTeam "SV Hofheim"]

1. e4 e5 2. Nf3 Nc6 3. Bb5 a6 4. Ba4 Nf6 5. O-O Be7 6. d3 b5 7. Bb3 d6 8. a3
O-O 9. Nc3 Bg4 10. Be3 Qd7 11. h3 Bh5 12. Nd5 Nxd5 13. Bxd5 Bg6 14. c3 Rae8 15.
a4 Kh8 16. axb5 axb5 17. g4 Bd8 18. Kg2 Ne7 19. Bb3 c5 20. Nd2 f6 21. Qf3 Bf7
22. Bxf7 Rxf7 23. Ra6 Ng6 24. Kg1 Bc7 25. Rfa1 Nh4 26. Qg3 g5 27. c4 b4 28. Nf3
Ng6 29. Ne1 Rg8 30. f3 h5 31. Ng2 Rh7 32. Ra7 Kg7 33. gxh5 Ne7 34. Rb7 Nc8 35.
Ra6 Rd8 36. h4 Rxh5 37. hxg5 Kf7 38. Qg4 Rhh8 39. Qxd7+ Rxd7 40. Rc6 1-0

[Event "32. Staufer-Open A-Turnier"]
[Site "Schwäbisch Gmünd"]
[Date "2020.01.06"]
[Round "9.24"]
[White "Wenninger, Philipp"]
[Black "Post, Hugo"]
[Result "1-0"]
[WhiteElo "2366"]
[BlackElo "2181"]
[PlyCount "119"]
[EventDate "2020.??.??"]
[WhiteTeam "TSV Schönaich"]
[BlackTeam "Reideburger SV"]

1. d4 Nf6 2. c4 e6 3. g3 c5 4. d5 exd5 5. cxd5 d6 6. Nc3 g6 7. Bg2 Bg7 8. Nf3
O-O 9. O-O Na6 10. Nd2 Nc7 11. a4 b6 12. Nc4 Ba6 13. Qb3 Bxc4 14. Qxc4 a6 15.
e4 Rb8 16. h3 b5 17. Qe2 Re8 18. Qc2 b4 19. Nb1 Nd7 20. Nd2 Nb6 21. Rb1 Qf6 22.
a5 Nd7 23. Nc4 Nb5 24. Be3 Ne5 25. Nb6 Nf3+ 26. Kh1 Rbd8 27. Qe2 Nfd4 28. Qd3
Qe7 29. Rbe1 Qf8 30. Nc4 f5 31. Bd2 Rd7 32. exf5 Nxf5 33. Rxe8 Qxe8 34. Re1 Re7
35. Rxe7 Qxe7 36. Be4 Nfd4 37. h4 Bf6 38. Kg2 Qd7 39. Bf4 Bd8 40. Qd1 Qe7 41.
Qd3 Qd7 42. Kh2 Bf6 43. Bg2 Qe7 44. Be4 Qd7 45. Qd1 Qe7 46. Bd3 Bxh4 47. Qg4
Bf6 48. Qc8+ Kg7 49. Kg2 Bg5 50. Bxg5 Qxg5 51. Qd7+ Kh6 52. Ne3 Nf5 53. Nxf5+
gxf5 54. Bxf5 Qg7 55. Qe6+ Kh5 56. Qe2+ Kh6 57. Qe6+ Kh5 58. Kh3 Qh6 59. Qg8
Qg5 60. Qf7+ 1-0

[Event "32. Staufer-Open A-Turnier"]
[Site "Schwäbisch Gmünd"]
[Date "2020.01.06"]
[Round "9.25"]
[White "Farmani Anosheh, Armin"]
[Black "Hentrich, Johannes"]
[Result "1-0"]
[WhiteElo "2353"]
[BlackElo "2152"]
[PlyCount "187"]
[EventDate "2020.??.??"]
[WhiteTeam "SK Ladenburg"]

1. e4 c5 2. Nf3 d6 3. Bb5+ Nd7 4. d4 cxd4 5. Qxd4 a6 6. Bxd7+ Bxd7 7. c4 e5 8.
Qd3 b5 9. Nc3 bxc4 10. Qxc4 Qc8 11. Qd3 Be6 12. b3 Qb7 13. O-O h6 14. Nd2 Nf6
15. Nc4 Rc8 16. Ne3 Be7 17. Rd1 O-O 18. Bd2 Rc5 19. Rac1 Rfc8 20. h3 Bf8 21.
Kh2 R8c7 22. Ncd5 Nxd5 23. Nxd5 Rc8 24. Rxc5 dxc5 25. Bc3 f6 26. Qc4 Kh8 27. f3
Rd8 28. Rd3 Qb5 29. Bd2 Rb8 30. Qc2 Rc8 31. Ne3 h5 32. Nc4 Bf7 33. Be3 Kg8 34.
Rc3 Rd8 35. Nb2 Rc8 36. Kg1 Be6 37. Kf2 h4 38. Nc4 Rd8 39. Nb2 Rc8 40. a4 Qb7
41. Nc4 Qc7 42. Ke2 Rd8 43. Nb2 Qb7 44. Nc4 Rb8 45. Nd2 Qb4 46. Bxc5 Bxc5 47.
Rxc5 Bxb3 48. Qxb3+ Qxb3 49. Nxb3 Rxb3 50. Rc6 Rb2+ 51. Kf1 Rb1+ 52. Kf2 Rb2+
53. Kg1 Rb1+ 54. Kh2 Ra1 55. Rxa6 Kh7 56. Ra8 Kh6 57. a5 Kg6 58. a6 Kh6 59.
Rh8+ Kg5 60. Rh7 Kg6 61. Rxh4 Rxa6 62. Rh8 Ra2 63. Kg3 Kf7 64. h4 g6 65. Rh7+
Kg8 66. Rb7 Ra1 67. Kg4 Rh1 68. g3 Rh2 69. Re7 Kf8 70. Rd7 Rh1 71. Rb7 Kg8 72.
f4 exf4 73. Kxf4 Kf8 74. e5 g5+ 75. hxg5 fxe5+ 76. Kxe5 Re1+ 77. Kf6 Rf1+ 78.
Kg6 Rf2 79. Rb4 Rh2 80. g4 Rh1 81. Rf4+ Kg8 82. Kf6 Ra1 83. g6 Ra5 84. Re4 Ra8
85. Re7 Rb8 86. Kg5 Ra8 87. Kh6 Rb8 88. Re6 Rf8 89. Rd6 Re8 90. g7 Rc8 91. Rf6
Re8 92. Rf8+ Rxf8 93. gxf8=Q+ Kxf8 94. Kh7 1-0